Welcome to CU Library Online Public Access Catalogue (OPAC)

AGRICULTURAL SCIENCE; (Record no. 1388)

MARC details
000 -LEADER
fixed length control field 00468nam a22001697a 4500
005 - DATE AND TIME OF LATEST TRANSACTION
control field 20241120180045.0
008 - FIXED-LENGTH DATA ELEMENTS--GENERAL INFORMATION
fixed length control field 241120b |||||||| |||| 00| 0 eng d
020 ## - INTERNATIONAL STANDARD BOOK NUMBER
International Standard Book Number 9781540923
050 ## - LIBRARY OF CONGRESS CALL NUMBER
Classification number S517
Item number KOM
245 ## - TITLE STATEMENT
Title AGRICULTURAL SCIENCE;
Remainder of title FOR WEST AFRICAN SCHOOLS AND COLLEGES
250 ## - EDITION STATEMENT
Edition statement 2ND
260 ## - PUBLICATION, DISTRIBUTION, ETC.
Place of publication, distribution, etc. IBADAN
Name of publisher, distributor, etc. UNIVERSITY PRESS LIMITED
Date of publication, distribution, etc. c1979
300 ## - PHYSICAL DESCRIPTION
Extent 228p
Other physical details ill.;
500 ## - GENERAL NOTE
General note includes index
700 ## - ADDED ENTRY--PERSONAL NAME
Personal name KOMOLAFE, M. F. [ET..AL]
942 ## - ADDED ENTRY ELEMENTS (KOHA)
Source of classification or shelving scheme Library of Congress Classification
Koha item type Books
Suppress in OPAC No
999 ## -
-- 1388
-- 1388
Holdings
Withdrawn status Lost status Source of classification or shelving scheme Damaged status Not for loan Collection Home library Current library Shelving location Date acquired Total checkouts Full call number Barcode Date last seen Copy number Price effective from Koha item type
    Library of Congress Classification     Non-fiction Undergraduate Library (Christ Temple) Undergraduate Library (Christ Temple) General stacks 11/20/2024   S517 KOM ulct00000350 11/20/2024 1 11/20/2024 Books
    Library of Congress Classification     Non-fiction Undergraduate Library (Christ Temple) Undergraduate Library (Christ Temple) General stacks 09/24/2025   S 517 KOM ulct00004966 09/24/2025 1 09/24/2025 Books
© 2023-2024 Copyright: Central University Libraries. All Rights Reserved | Created by: Mahone Tech Office